All Sabrina Carpenter Songs (Updated with new releases) - Statistics

General Stats
  • This quiz has been taken 34 times
  • The average score is 55 of 121
Answer Stats
Hint Answer % Correct
Short n' Sweet (2024) Espresso
100%
Short n' Sweet (2024) Please Please Please
100%
​emails i can't send (2022) ​emails i can't send
96%
Eyes Wide Open (2015) Eyes Wide Open
88%
​emails i can't send fwd: (2023) Feather
88%
​emails i can't send (2022) Nonsense
88%
Single (2021) Skin
88%
EVOLution (2016) Thumbs
88%
​emails i can't send (2022) Tornado Warnings
88%
Short n' Sweet (2024) Juno
84%
​emails i can't send (2022) skinny dipping
84%
Short n' Sweet (2024) Taste
84%
Short n' Sweet (2024) Bed Chem
80%
Short n' Sweet (2024) Don't Smile
80%
​emails i can't send (2022) Fast Times
80%
​emails i can't send fwd: (2023) opposite
80%
Fruitcake EP (2023) ​santa doesn't know you like i do
80%
Fruitcake EP (2023) A Nonsense Christmas
76%
Short n' Sweet (2024) Lie to Girls
76%
​emails i can't send (2022) Read your Mind
76%
​emails i can't send (2022) Vicious
76%
​emails i can't send (2022) ​because i liked a boy
72%
Fruitcake EP (2023) cindy lou who
72%
Short n' Sweet (2024) Coincidence
72%
Eyes Wide Open (2015) Can't Blame a Girl for Trying
72%
Short n' Sweet (2024) Dumb and Poetic
72%
Short n' Sweet (2024) Good Graces
72%
Short n' Sweet (2024) Slim Pickins
72%
Fruitcake EP (2023) ​is it new years yet?
68%
Singular: Act II (2019) Looking at Me
68%
Singular: Act I (2018) Paris
68%
Short n' Sweet (2024) Sharpest Tool
68%
​emails i can't send fwd: (2023) ​things i wish you said
68%
Singular: Act I (2018) Almost Love
64%
​emails i can't send (2022) decode
64%
​emails i can't send (2022) Already Over
60%
​emails i can't send (2022) ​bet u wanna
60%
Fruitcake EP (2023) ​buy me presents
60%
​emails i can't send (2022) ​how many things
60%
Collaborations/Features On My Way (with Alan Walker & Farruko)
60%
Singular: Act I (2018) Sue Me
60%
Music for TV/Movies Take on the World
60%
Fruitcake EP (2023) ​white xmas
60%
Singular: Act II (2019) In My Bed
56%
​emails i can't send fwd: (2023) Lonesome
56%
Singular: Act I (2018) Mona Lisa
56%
Singular: Act II (2019) Pushing 20
56%
​emails i can't send (2022) Bad for Business
52%
Singular: Act I (2018) Diamonds Are Forever
52%
Single (2017) Why
52%
Singular: Act II (2019) Exhale
48%
Singular: Act II (2019) I Can't Stop Me (ft. Saweetie)
48%
EVOLution (2016) On Purpose
48%
EVOLution (2016) Run and Hide
48%
Eyes Wide Open (2015) We'll Be the Stars
48%
Collaborations/Features Alien (with Jonas Blue)
44%
Singular: Act I (2018) Bad Time
44%
Singular: Act II (2019) I'm Fakin
44%
Eyes Wide Open (2015) Seamless
44%
EVOLution (2016) Shadows
44%
Single (2016) Smoke and Fire
44%
Singular: Act II (2019) Take Off All Your Cool
44%
Collaborations/Features That's Not How This Works (with Charlie Puth)
44%
Eyes Wide Open (2015) Too Young
44%
EVOLution (2016) Don't Want It Back
40%
Singular: Act I (2018) Hold Tight (Ft. UHMEER)
40%
EVOLution (2016) Mirage
40%
Singular: Act I (2018) ​prfct
40%
EVOLution (2016) Space
40%
Eyes Wide Open (2015) Two Young Hearts
40%
Eyes Wide Open (2015) White Flag
40%
EVOLution (2016) All We Have Is Love
36%
Eyes Wide Open (2015) Best Thing I Got
36%
Eyes Wide Open (2015) Darling I'm a Mess
36%
Eyes Wide Open (2015) The Middle of Starting Over
36%
Collaborations/Features Hands (with Mike Perry & The Vamps)
36%
Spotify Singles I Knew You Were Trouble
36%
Music for TV/Movies Rescue Me
36%
Eyes Wide Open (2015) Right Now
36%
Singular: Act II (2019) Take You Back
36%
Singular: Act II (2019) Tell Em
36%
Music for TV/Movies Wildside (with Sofia Carson)
36%
Collaborations/Features You Need Me Now? (with Girl in Red)
36%
Eyes Wide Open (2015) Your Love's Like
36%
Collaborations/Features Cupid (Remix) (with Fifty Fifty)
32%
EVOLution (2016) Feels Like Loneliness
32%
Single (2020) Honeymoon Fades
32%
EVOLution (2016) No Words
32%
Collaborations/Features WOW (Remix) (with Zara Larson)
32%
Music for TV/Movies Blueberries
28%
Music for TV/Movies Let Me Move You
28%
Music for TV/Movies Clouds (with Fin Argus)
24%
Music for TV/Movies Fix Me Up
24%
Music for TV/Movies How to Go to Confession
24%
Single Christmas the Whole Year Round
20%
BBC Live Lounge Good Luck, Babe
20%
Music for TV/Movies Lie For Love
20%
Music for TV/Movies Smile
20%
Collaborations/Features Tricky (with Shoffy)
20%
Music for TV/Movies Perfect Song
16%
Music for TV/Movies Stand Out
16%
Music for TV/Movies All You Need (with Ariel Winter)
12%
Music for TV/Movies Tomorrow Starts Today
12%
Unreleased Songs I'm not Dead Yet
8%
Collaborations/Features You're a Mean One Mr. Grinch (with Lindsey Stirling)
8%
Unreleased Songs Good Problem to Have
4%
Single Have Yourself a Merry Little Christmas
4%
Unreleased Songs Here Come the Wolves
4%
Unreleased Songs We Both Know (with Joshua Bassett)
4%
Unreleased Songs Wife
4%
Collaborations/Features You Need Me Now? (with Girl in Red)
4%
Unreleased Songs Alone Together
0%
Unreleased Songs April Fool
0%
Unreleased Songs Before I Had Love
0%
Unreleased Songs Cruise
0%
Collaborations/Features Heaven Is You (Joshua Bassett)
0%
Disney Playlist Sessions How to Be a Heartbreaker
0%
Unreleased Songs I'm Fine
0%
Disney Playlist Sessions Like I'm Gonna Lose You
0%
Disney Playlist Sessions Like Real People Do
0%
Unreleased Songs Space & Dust
0%
No matching quizzes found
Score Distribution
Percent of People with Each Score
Percentile by Number Answered
Your Score History
You have not taken this quiz